000
00224nam a2200085Ia 4500
245
0
_a
Space encyclopedia
100
_a
COUPER, Heather London, [2003]
_9
78984
942
_c
BK
008
210817s9999 xx 000 0 und d
999
_c
273911
_d
273909